000 01205nad a2200337 a 4500
001 MIU01000000000000005053684
003 MiU
005 20231010141112.0
007 cr mnummmmuuuu
008 880718s1955 mauafo sb 001 0 eng d
010 _z55009572
024 7 _a2027/heb03051
_2hdl
040 _aMiU
_cMiU
090 _aNA3780
_b(INTERNET)
100 1 _aDemus, Otto.
_937323
245 1 0 _aByzantine mosaic decoration
_h[electronic resource] :
_baspects of monumental art in Byzantium /
_cOtto Demus.
300 _axiii, 97 p., 64 p. of plates :
_bill. ;
_c26 cm.
504 _aIncludes bibliographical references (p.87-94) and index.
830 0 _aACLS Humanities E-Book.
_937324
856 4 0 _zVolltext
_uhttps://hdl.handle.net/2027/heb03051
942 _cEB
500 _aE-Book-ACLS / Zugriff nur im DHI-Lesesaal
653 _aArt, Byzantine.
653 _aChristian art and symbolism.
336 _2rdacontent
_btxt
_aText
337 _2rdamedia
_bbc
_aComputermedien
338 _2rdacarrier
_bcr
_aOnline Ressource
264 _aBoston :
_bBoston Book & Art Shop,
_c1955.
041 _aeng
500 _aAmerican Council of Learned Societies/ https://www.humanitiesebook.org/about/
999 _c65389
_d65389